01134nam a2200277 i 450000100060000000300090000600500170001500700030003200800410003502000180007604000220009408000220011610000300013824501580016826000600032630000210038649000320040750400300043965100510046970000330052071000910055383000400064485200330068499900170071795201220073442577ES-MaACL20251009190533.0t|030407s2002 sp ||||0| spa j a84-932414-2-3 aM-BN bspa cM-BN a327(460-32:8=134)1 aFreres, Christian.95252314aLas comunidades autónomas españolas y América Latina b: una nueva dimensión de la conexión iberoamericana / cChristian Freres y Antonio Sanz. aMadrid : bA.V. Sociedad Editorial Síntesis, c[2002] a76 p. ; c21 cm.1 aDocumento AIETI ; v01/2002 aBibliografía: p. 56-58. 4aEspaña-xRelaciones-zAmérica Latina984541 aSanz Trillo, Antonio91035642 aAsociación de Investigación y Especialización sobre Temas Iberoamericanos.916040 aDocumento AIETI ; v01/20029229828 aES-MaACLjL-26221 bR.131713 c42577d42577 00104070aATENEOMbATENEOMcDEPO2d2008-01-17eSCl0oL-26221p1044821r2023-02-23 00:00:00w2023-02-23yMONOGRAFIA